| 000 | 01156nam a22002057a 4500 | ||
|---|---|---|---|
| 003 | JO-AjAnu | ||
| 005 | 20240605121604.0 | ||
| 008 | 240402b jo ||||| |||| 00| 0 ara d | ||
| 040 |
_aJO-AjAnu _cJO-AjAnu |
||
| 041 | 0 | _aara | |
| 050 |
_aHF5437 _b2023 |
||
| 100 | 1 |
_aعوده، لانا ابراهيم محمد _965247 _eمهد |
|
| 245 |
_aاثر ادارة السلاسل التوريد على جودة الخدمات المقدمة في شركة كهرباء محافظة اربد: الأزمات كمتغير معدل = The Impact of Supply Chains Management on the Quality of Services by irbid District Electricity Companany: Crises as a Moderating Variable / _cاعداد لانا ابراهيم محمد عوده ؛ إشراف بلال احمد مثاني |
||
| 260 | _c2023 | ||
| 300 | _a142ورفة | ||
| 500 | _a رسالة جامعية (ماجستير) .- جامعة عجلون الوطنية (عجلون، الأردن)، كلية الاعمال ، تخصص ادارة الاعمال، 2023 | ||
| 650 | 7 | 0 |
_aالتوريدات - ادارة _965214 |
| 700 | 1 |
_aالمثاني، بلال احمد _965043 _eمشرف |
|
| 942 |
_2lcc _cTHS _n0 |
||
| 999 |
_c33398 _d33398 |
||